Evangelism to-day. (Record no. 11032)

000 -LEADER
fixed length control field 00536nam a2200181 a 4500
001 - CONTROL NUMBER
control field :::00008825$&:&@@
003 - CONTROL NUMBER IDENTIFIER
control field OkBaRHE
005 - DATE AND TIME OF LATEST TRANSACTION
control field 20000607103346.0
008 - FIXED-LENGTH DATA ELEMENTS--GENERAL INFORMATION
fixed length control field j 000 0 eng u
040 ## - CATALOGING SOURCE
Transcribing agency
100 1# - MAIN ENTRY--PERSONAL NAME
Personal name White, F. C.
245 10 - TITLE STATEMENT
Title Evangelism to-day.
260 ## - PUBLICATION, DISTRIBUTION, ETC. (IMPRINT)
Place of publication, distribution, etc London, UK:EN., :
Name of publisher, distributor, etc Marshall, Morgan & Scott, Ltd.
Date of publication, distribution, etc nd
300 ## - PHYSICAL DESCRIPTION
Extent 137 p. ;
Dimensions 19 cm.
650 ## - SUBJECT ADDED ENTRY--TOPICAL TERM
Topical term or geographic name as entry element Evangelistic Work
942 ## - ADDED ENTRY ELEMENTS (KOHA)
Source of classification or shelving scheme
Koha item type Books
Copies
Price effective from Koha item type Lost status Source of classification or shelving scheme Copy number Date acquired Barcode Full call number Permanent Location Date last seen Withdrawn status Damaged status Shelving location Not for loan
2010-04-14Books  12010-04-148825BV 3795 .W494RHEMA Bible Training College2010-04-14  General Stacks